000 00310nam a2200121Ia 4500
008 240624s9999 xx 000 0 und d
041 _aeng
082 _a658.4 PRA
100 _aPRAHALAD C K
245 _aFUTURE OF COMPETITION CO CREATING UNIQUE
260 _c2009
_aNew Delhi
_bPenguin Portfolio
365 _cRS
999 _c24403
_d24403